000
00288nam a22001097a 4500
008
160504b xxu||||| |||| 00| 0 eng d
020
_a
0412989913
041
_a
eng
080
_a
612.39
245
_a
The nutrition and health dictionary:
_c
Percy J. Russell; Anita Williams;
942
_2
udc
_c
BK
999
_c
1775
_d
1775